000 02983cam a2200373 4500500
005 20260111082250.0
041 _afre
042 _adc
100 1 0 _aRabiller, Stéphanie
_eauthor
700 1 0 _aZavoli, Philippe
_eauthor
245 0 0 _aLe long chemin vers la reconnaissance d’un droit à l’eau
260 _c2021.
500 _a99
520 _aLa directive du 16 décembre 2020 procède à la refonte de la directive du 3 novembre 1998. Inspirée de l’initiative citoyenne européenne « L’eau un droit humain », elle vise à renforcer la qualité de l’eau destinée à la consommation humaine et à donner confiance aux citoyens dans la consommation de l’eau du robinet. À cette fin, elle renforce les méthodes d’évaluation de la qualité de l’eau par la mise en place de programmes de suivi des normes de qualité à respecter et demande aux États de procéder à la lutte contre les fuites. Par la consécration de l’approche fondée sur les risques, on assiste à la promotion des plans de gestion de la sécurité sanitaire des eaux (PGSSE). De manière plus ambitieuse, la directive invite à l’identification des groupes vulnérables et marginalisés afin qu’il leur soit garanti un accès à l’eau potable, ce qui ne doit pas cacher sa timidité sur la question de la tarification sociale de l’eau.
520 _aDirective of 16 December 2020 recasts the Directive of 3 November 1998. Inspired by the European citizens’ initiative "Water a human right", it aims at strengthening the quality of water intended for human consumption and to give citizens confidence in drinking tap water. To this end, it strengthens the methods of assessing water quality by setting up programs to monitor the quality standards to be respected and requests the States to take actions against leaks. By enshrining the risk-based approach, water safety management plans (Water Safety Plan) are promoted. More ambitiously, the directive calls for the identification of vulnerable and marginalised groups so that they can be guaranteed access to drinking water, which should not hide its timidity on the issue of social water pricing.
690 _adistribution eau potable
690 _adroit à l’accès à l’eau
690 _agestion fondée sur les risques
690 _agroupes vulnérables
690 _aPGSSE
690 _asanté environnementale
690 _asécurité sanitaire
690 _aUnion européenne
690 _aenvironmental health
690 _aEuropean Union
690 _ahealth safety
690 _aPGSSE
690 _aright to access to water
690 _arisk-based management
690 _asupplying of drinking water
690 _avulnerable communities
786 0 _nRevue juridique de l’environnement | Volume 46 | 3 | 2021-09-07 | p. 527-540 | 0397-0299
856 4 1 _uhttps://droit.cairn.info/revue-juridique-de-l-environnement-2021-3-page-527?lang=fr&redirect-ssocas=7080
999 _c1617217
_d1617217